000 01012nam a2200241 a 4500
001 50804
003 BD-RjUL
005 20211209075552.0
008 160828s1960 enkab b 000 0 eng
035 _a(BD-RjUL)50924
040 _aDUP:J
_beng
_cDUP:J
_dDUP:J
_dBD-RjUL
041 _aeng
082 0 4 _a530
_223
_bTAS 1960
100 1 _aTaylor, Geoffrey Ingram,
_d1886-1975.
_9152083
245 1 4 _aThe scientific papers of Sir Geoffrey Ingram Taylor :
_b fellow of Trinity College, Cambridge, fellow and formerly Yarrow Research Professor of The Royal Society /
_cGeoffrey Ingram Taylor, edited by G.K. Batchelor.
260 _aCambridge, [Eng.] :
_bCambridge University Press,
_c1958-60
300 _aVol. :
_bill. ;
_c26 cm.
505 0 _aVol.1. Mechanics of Solids -- V. 2. Meteorology, oceanography, and turbulent flow --
650 0 _aMechanics
_vCollected works.
_9152084
650 0 _aFluid mechanics
_vCollected works.
_9152085
700 1 _aBatchelor, G. K.
_q(George Keith)
_9152086
942 _2ddc
_cBK
999 _c50804
_d50804